[Event "Lichtenberger Sommer 2019"]
[Site "Berlin"]
[Date "2019.08.21"]
[Round "5.44"]
[White "Seitz, Manuel"]
[Black "Metzinger, Hannes"]
[Result "0-1"]
[WhiteElo "1764"]
[BlackElo "1917"]
[PlyCount "148"]
[EventDate "2019.??.??"]
[WhiteTeam "SC Falkensee"]
[BlackTeam "SK Ottenau"]

1. e4 e5 2. Nf3 Nc6 3. Bc4 Bc5 4. d4 exd4 5. c3 Nf6 6. cxd4 Bb4+ 7. Bd2 Bxd2+
8. Nbxd2 d5 9. exd5 Nxd5 10. O-O O-O 11. Re1 Nce7 12. Ne5 c6 13. Ndf3 Qb6 14.
Qb3 Qxb3 15. Bxb3 Be6 16. Ng5 Bf5 17. Ne4 Rad8 18. Rad1 Bc8 19. a3 h6 20. h3
Rfe8 21. Kf1 Nf5 22. Nc3 Be6 23. Nxd5 Bxd5 24. Bxd5 Rxd5 25. Nf3 Red8 26. g4
Nd6 27. Re5 Nc4 28. Re7 R8d7 29. Rxd7 Rxd7 30. Rb1 Re7 31. a4 f6 32. b3 Nb6 33.
Re1 Rd7 34. Ke2 Nd5 35. Kd2 Kf7 36. h4 Nf4 37. g5 Ne6 38. gxh6 Nxd4 39. Nxd4
Rxd4+ 40. Kc3 Rxh4 41. hxg7 Rg4 42. Rd1 Rxg7 43. Rd8 Ke6 44. Ra8 a6 45. Rd8 Rd7
46. Rf8 Rd6 47. Rb8 b5 48. axb5 axb5 49. Rc8 Kd5 50. Re8 Kc5 51. b4+ Kb6 52.
Re7 c5 53. bxc5+ Kxc5 54. Re8 b4+ 55. Kb3 Rd3+ 56. Kc2 Rf3 57. Rc8+ Kd5 58.
Rd8+ Kc6 59. Rc8+ Kd6 60. Rc4 Rxf2+ 61. Kb3 Ke5 62. Rxb4 Rd2 63. Kc3 Rd8 64.
Rb7 f5 65. Rf7 Ke4 66. Re7+ Kf3 67. Rf7 f4 68. Re7 Kf2 69. Rf7 f3 70. Rf6 Ke2
71. Re6+ Kf1 72. Rf6 f2 73. Rf7 Rg8 74. Rd7 Kg1 0-1

[Event "Lichtenberger Sommer 2019"]
[Site "Berlin"]
[Date "2019.08.21"]
[Round "5.45"]
[White "Verbitsky, Jaroslaw"]
[Black "Vollmar, Torsten"]
[Result "1-0"]
[WhiteElo "1917"]
[BlackElo "1764"]
[PlyCount "53"]
[EventDate "2019.??.??"]
[WhiteTeam "SV Mattnetz Berlin"]
[BlackTeam "BSV 63 Chemie Weißensee"]

1. e4 e5 2. Nf3 Nc6 3. d4 exd4 4. Nxd4 Bc5 5. Be3 Qf6 6. c3 Nge7 7. g3 O-O 8.
Bg2 d6 9. Nc2 Rd8 10. O-O Be6 11. Nba3 Ne5 12. f4 Nc4 13. Nxc4 Bxc4 14. Rf2
Bxe3 15. Nxe3 Ba6 16. Ng4 Qe6 17. f5 Qc4 18. f6 Ng6 19. fxg7 Kxg7 20. Qd2 Kf8
21. Qh6+ Ke7 22. Ne3 Qc5 23. Nd5+ Ke8 24. b4 Qc4 25. Bf1 Qc6 26. Qxh7 Ne5 27.
Qg8+ 1-0

[Event "Lichtenberger Sommer 2019"]
[Site "Berlin"]
[Date "2019.08.21"]
[Round "5.46"]
[White "Landt, Stefan"]
[Black "Jansen, Robert"]
[Result "1-0"]
[WhiteElo "1910"]
[BlackElo "1746"]
[PlyCount "51"]
[EventDate "2019.??.??"]
[WhiteTeam "SC Kreuzberg"]
[BlackTeam "SC Kreuzberg"]

1. d4 Nf6 2. c4 e5 3. dxe5 Ng4 4. Nf3 Bc5 5. e3 Nc6 6. Be2 O-O 7. Nc3 Ngxe5 8.
O-O Nxf3+ 9. Bxf3 Ne5 10. Be2 a5 11. f4 Ng6 12. f5 Ne5 13. f6 gxf6 14. Qd5 Be7
15. Ne4 c6 16. Qd4 d5 17. cxd5 cxd5 18. Ng3 Be6 19. Nh5 Ng6 20. Rxf6 Bxf6 21.
Nxf6+ Kh8 22. b3 Rc8 23. Bb2 h6 24. Bd3 h5 25. Bxg6 Kg7 26. Ne8+ 1-0

[Event "Lichtenberger Sommer 2019"]
[Site "Berlin"]
[Date "2019.08.21"]
[Round "5.47"]
[White "Schönberger, Kay"]
[Black "Francois, Yannick"]
[Result "1-0"]
[WhiteElo "1901"]
[BlackElo "1745"]
[PlyCount "105"]
[EventDate "2019.??.??"]
[WhiteTeam "SV Koblenz"]
[BlackTeam "SC Falkensee"]

1. d4 Nf6 2. c4 e6 3. Nc3 d5 4. cxd5 exd5 5. Bg5 c6 6. e3 Bf5 7. Qf3 Bg6 8.
Bxf6 Qxf6 9. Qxf6 gxf6 10. Nge2 Nd7 11. Ng3 Bd6 12. Be2 Nb6 13. O-O O-O 14. Bg4
Bxg3 15. hxg3 Rfe8 16. b3 Nc8 17. Na4 Nd6 18. Nc5 Rad8 19. Rfc1 h5 20. Bd7 Re7
21. Bh3 f5 22. Nd3 Ne4 23. Ne5 Rc8 24. Nf3 Kg7 25. a3 Rec7 26. b4 Kf6 27. Ra2
Ke7 28. Rac2 b6 29. Kf1 c5 30. dxc5 bxc5 31. bxc5 Rxc5 32. Rxc5 Rxc5 33. Rxc5
Nxc5 34. Nd4 Kf6 35. f3 a6 36. Ke2 Ke5 37. Kd2 Ne6 38. Nb3 d4 39. exd4+ Nxd4
40. Nc5 a5 41. Nb7 Nc6 42. Kc3 Kd5 43. Kb3 f6 44. Ka4 Be8 45. Nxa5 Nd4+ 46. Kb4
Bb5 47. Nb3 Bd7 48. Nxd4 Kxd4 49. a4 Kd5 50. a5 Kc6 51. Kc4 Be6+ 52. Kd4 Bc8
53. Ke3 1-0

[Event "Lichtenberger Sommer 2019"]
[Site "Berlin"]
[Date "2019.08.21"]
[Round "5.48"]
[White "Hirsch, Christian"]
[Black "Jaeger, Andre"]
[Result "1-0"]
[WhiteElo "1726"]
[BlackElo "1897"]
[PlyCount "91"]
[EventDate "2019.??.??"]
[WhiteTeam "SF Haselmühl/Amberg"]
[BlackTeam "SC Rochade (Berlin)"]

1. e4 c5 2. Nf3 Nc6 3. d4 cxd4 4. Nxd4 Nf6 5. Nc3 e5 6. Ndb5 d6 7. Bg5 a6 8.
Na3 b5 9. Nd5 Be7 10. Bxf6 Bxf6 11. c4 Nd4 12. cxb5 Be6 13. Nxf6+ Qxf6 14. Nc2
O-O 15. Nxd4 exd4 16. bxa6 d5 17. e5 Qxe5+ 18. Be2 Rxa6 19. O-O Rb6 20. b3 Rc8
21. Bd3 Rc3 22. Qd2 Rbc6 23. Rfd1 Bg4 24. Re1 Qb8 25. Qf4 Qc8 26. Bb5 g5 27.
Qxd4 Re6 28. h3 Rxe1+ 29. Rxe1 Rc1 30. Rxc1 Qxc1+ 31. Kh2 Be6 32. a4 Qc2 33. b4
Qc7+ 34. g3 h5 35. Qe3 Qe7 36. Qd2 Qf6 37. Bf1 d4 38. a5 Bd5 39. Bg2 Bxg2 40.
Kxg2 Qc6+ 41. Kh2 Qc3 42. Qxg5+ Kf8 43. a6 Qb2 44. Qf4 Qa2 45. Qxd4 Qxa6 46.
Qc5+ 1-0

[Event "Lichtenberger Sommer 2019"]
[Site "Berlin"]
[Date "2019.08.21"]
[Round "5.49"]
[White "Kraft, Tom"]
[Black "Rausch, Erik"]
[Result "1-0"]
[WhiteElo "1893"]
[BlackElo "1718"]
[PlyCount "79"]
[EventDate "2019.??.??"]
[WhiteTeam "SC Zugzwang 95 (Berlin)"]
[BlackTeam "SC Kreuzberg"]

1. d4 Nf6 2. Nf3 e6 3. c3 d5 4. Bf4 Bd6 5. Bxd6 cxd6 6. e3 O-O 7. Nbd2 b6 8.
Be2 Nbd7 9. O-O Bb7 10. a4 Re8 11. Re1 Rc8 12. Bb5 Re7 13. Rc1 a6 14. Be2 Nb8
15. h3 Rec7 16. Bd3 Bc6 17. Ra1 Qd7 18. Qb3 Ne4 19. Be2 Rb7 20. Qc2 b5 21. axb5
axb5 22. Nxe4 dxe4 23. Nd2 f5 24. Rec1 Bd5 25. Qd1 Nc6 26. Qf1 Ne7 27. Ra5 Rcb8
28. Rca1 Rb6 29. Ra7 Qe8 30. R7a6 Bc6 31. Rxb6 Rxb6 32. Ra5 e5 33. Qa1 exd4 34.
cxd4 Nd5 35. Qa2 Kf8 36. Qb3 f4 37. Ra1 Qg6 38. Kh2 Nf6 39. Rg1 Qg5 40. Nf1 1-0

[Event "Lichtenberger Sommer 2019"]
[Site "Berlin"]
[Date "2019.08.21"]
[Round "5.50"]
[White "Jugert, Ole"]
[Black "Guder, Sibylle"]
[Result "1/2-1/2"]
[WhiteElo "1739"]
[BlackElo "1893"]
[PlyCount "104"]
[EventDate "2019.??.??"]
[WhiteTeam "SK Zehlendorf"]
[BlackTeam "SF 1903 Berlin"]

1. d4 Nf6 2. c4 e6 3. Nc3 d5 4. cxd5 exd5 5. Bg5 c6 6. e3 Bd6 7. Bd3 O-O 8. Qc2
h6 9. Bh4 Re8 10. Nge2 a5 11. O-O Na6 12. a3 Nc7 13. Bg3 Ne6 14. Na4 Ng5 15.
Bxd6 Qxd6 16. Nb6 Rb8 17. Nxc8 Rbxc8 18. Qc5 Qxc5 19. dxc5 Nge4 20. b4 Ra8 21.
f3 Ng5 22. Kf2 Ra7 23. b5 Nd7 24. bxc6 bxc6 25. Rfc1 Ne5 26. Bf5 g6 27. Bc2 Nc4
28. Nd4 Nxe3 29. Nxc6 Rc7 30. Nxa5 Rxc5 31. Ba4 Rec8 32. Rxc5 Rxc5 33. Kxe3
Rxa5 34. Bd7 Ne6 35. Bxe6 fxe6 36. a4 Kf7 37. f4 Ke7 38. g4 Kf6 39. Kd4 g5 40.
fxg5+ Kxg5 41. Ke5 Kxg4 42. Ra3 d4+ 43. Kxd4 Kf4 44. Kd3 e5 45. Ke2 e4 46. Kf2
h5 47. Ke2 h4 48. Kf2 Kf5 49. Ke3 Ke5 50. Kf2 Kf4 51. Ke2 Kf5 52. Ke3 Ke5
1/2-1/2

[Event "Lichtenberger Sommer 2019"]
[Site "Berlin"]
[Date "2019.08.21"]
[Round "5.51"]
[White "Baranowsky, Peter"]
[Black "Hesselbarth, Karlheinz"]
[Result "1-0"]
[WhiteElo "1889"]
[BlackElo "1692"]
[PlyCount "29"]
[EventDate "2019.??.??"]
[WhiteTeam "SF 1903 Berlin"]
[BlackTeam "SC Zugzwang 95 (Berlin)"]

1. e4 c5 2. Nc3 Nc6 3. Bb5 g6 4. Bxc6 dxc6 5. f4 Bg7 6. h3 Nf6 7. Nf3 O-O 8.
O-O Qc7 9. d3 b6 10. Qe1 e6 11. Qh4 Ba6 12. f5 exf5 13. Bh6 Ne8 14. Ng5 Bxh6
15. Qxh6 1-0

[Event "Lichtenberger Sommer 2019"]
[Site "Berlin"]
[Date "2019.08.21"]
[Round "5.52"]
[White "Willich, Manfred"]
[Black "Udet, Fabian"]
[Result "1-0"]
[WhiteElo "1871"]
[BlackElo "1684"]
[PlyCount "79"]
[EventDate "2019.??.??"]
[WhiteTeam "SK Turm Bad Hersfeld"]
[BlackTeam "1. SC Anhalt"]

1. d4 d5 2. c4 Nc6 3. Nf3 Bg4 4. e3 e5 5. Be2 e4 6. Nfd2 Bxe2 7. Qxe2 Nb4 8.
Kd1 Qg5 9. f3 Nf6 10. Nc3 O-O-O 11. a3 Nc6 12. cxd5 Nxd5 13. Ndxe4 Nxc3+ 14.
bxc3 Qa5 15. Bd2 Be7 16. Qc4 f5 17. Nf2 Bf6 18. Nd3 Rhe8 19. Ke2 Rd6 20. Rhb1
Red8 21. Rb5 Qa6 22. Nc5 Na5 23. Qa4 Qc6 24. Qxa5 b6 25. Qa6+ Kb8 26. Rb4 f4
27. Qb5 fxe3 28. Qxc6 Rxc6 29. Bxe3 a5 30. Rb3 Ka7 31. Ne4 Bxd4 32. Rd1 Bf6 33.
Nxf6 Rxd1 34. Kxd1 Rxf6 35. Bd4 Rd6 36. Ke2 g6 37. f4 Re6+ 38. Kf3 c5 39. Be5
g5 40. Rb2 1-0

[Event "Lichtenberger Sommer 2019"]
[Site "Berlin"]
[Date "2019.08.21"]
[Round "5.53"]
[White "Morczynski, Joachim"]
[Black "Karyah, Thomas"]
[Result "1-0"]
[WhiteElo "1701"]
[BlackElo "1870"]
[PlyCount "147"]
[EventDate "2019.??.??"]
[WhiteTeam "SK Zehlendorf"]
[BlackTeam "SC Zugzwang 95 (Berlin)"]

1. e4 g6 2. d4 Bg7 3. Nc3 d6 4. f4 c6 5. Nf3 Nf6 6. Bd3 a5 7. O-O b5 8. a3 O-O
9. d5 Bb7 10. dxc6 Bxc6 11. e5 Ng4 12. Qe2 b4 13. axb4 axb4 14. Rxa8 Bxa8 15.
Ne4 dxe5 16. fxe5 Nxe5 17. Nxe5 Qd4+ 18. Kh1 Qxe5 19. Bf4 Qxb2 20. Ng5 e5 21.
Be3 Bd5 22. Bc4 Bxc4 23. Qxc4 Qc3 24. Qe4 Nd7 25. Qf3 Qc4 26. Ne4 f5 27. Nd6
Qe6 28. Rd1 e4 29. Qe2 Ne5 30. Qb5 Ng4 31. Bc5 e3 32. Kg1 f4 33. Qxb4 f3 34.
gxf3 Rxf3 35. Qc4 Qxc4 36. Nxc4 Bc3 37. Rd8+ Kg7 38. Re8 Rf2 39. Nxe3 Nxe3 40.
Rxe3 Rxc2 41. Rxc3 Ra2 42. Bd4+ Kh6 43. Rh3+ Kg5 44. Rxh7 Kg4 45. Ra7 Rd2 46.
Bf2 g5 47. Kg2 Rc2 48. h3+ Kf4 49. Ra4+ Kf5 50. Rg4 Rd2 51. Kf3 Ra2 52. Kg3 Rc2
53. Be3 Rc3 54. Kf3 Kf6 55. Ke4 Rc4+ 56. Bd4+ Kg6 57. Kd5 Ra4 58. Bc5 Ra1 59.
Be3 Ra5+ 60. Ke6 Ra6+ 61. Kd7 Kh5 62. Re4 Rg6 63. Re7 Rh6 64. Rg7 Rg6 65. Rh7+
Rh6 66. Rxh6+ Kxh6 67. h4 Kh5 68. hxg5 Kg6 69. Ke6 Kg7 70. Kf5 Kh7 71. g6+ Kg7
72. Bd4+ Kf8 73. Kf6 Kg8 74. g7 1-0

[Event "Lichtenberger Sommer 2019"]
[Site "Berlin"]
[Date "2019.08.21"]
[Round "5.54"]
[White "Grassi, Fabrizio"]
[Black "Wadepfuhl, Jeremy"]
[Result "1/2-1/2"]
[WhiteElo "1861"]
[BlackElo "1668"]
[PlyCount "60"]
[EventDate "2019.??.??"]
[WhiteTeam "SV Berlin-Friedrichstadt"]
[BlackTeam "Borussia Lichtenberg"]

1. d4 d5 2. Bf4 Nf6 3. e3 c6 4. Bd3 g6 5. Nd2 Bg7 6. Ngf3 O-O 7. O-O Bf5 8.
Bxf5 gxf5 9. c4 Nbd7 10. Qc2 Ne4 11. cxd5 cxd5 12. Rac1 Rc8 13. Qb3 Nxd2 14.
Nxd2 Qb6 15. Rxc8 Rxc8 16. Qxd5 Rc2 17. Qxd7 Rxd2 18. Qxe7 Rxb2 19. Bd6 h6 20.
h3 Rb1 21. a3 Rxf1+ 22. Kxf1 Qb3 23. g3 Qc4+ 24. Kg1 Qc1+ 25. Kg2 Qc6+ 26. Kh2
Qc2 27. Kg1 Qc1+ 28. Kg2 Qc6+ 29. Kg1 Qc1+ 30. Kg2 Qc6+ 1/2-1/2

[Event "Lichtenberger Sommer 2019"]
[Site "Berlin"]
[Date "2019.08.21"]
[Round "5.55"]
[White "Kandeler, Christian"]
[Black "Stein, Siegfried"]
[Result "1-0"]
[WhiteElo "1650"]
[BlackElo "1852"]
[PlyCount "137"]
[EventDate "2019.??.??"]
[WhiteTeam "TSG Oberschöneweide"]
[BlackTeam "SV Berolina Mitte"]

1. e4 e5 2. Nf3 Nc6 3. d4 exd4 4. Nxd4 Nf6 5. Nc3 Bc5 6. Be3 Bxd4 7. Bxd4 d6 8.
Bc4 Nxd4 9. Qxd4 O-O 10. O-O Be6 11. Rad1 Ng4 12. Bxe6 fxe6 13. h3 Nf6 14. Qc4
Qe7 15. Nb5 Qf7 16. Qxc7 Nxe4 17. Qxf7+ Rxf7 18. Nxd6 Nxd6 19. Rxd6 Re7 20. Re1
Rae8 21. Re5 Kf7 22. h4 g6 23. f4 Rc8 24. c3 b6 25. h5 Rcc7 26. hxg6+ hxg6 27.
Kf2 Rcd7 28. Rxd7 Rxd7 29. Re2 Rd3 30. Ke1 Ke7 31. Rd2 Re3+ 32. Kf2 Re4 33. Kf3
Rc4 34. Rd4 Rc5 35. Ke4 Ra5 36. a4 Rc5 37. g4 a5 38. Kd3 Rc8 39. b4 Rh8 40. Kc4
Rh3 41. Rd3 Rh4 42. Rg3 axb4 43. cxb4 Kd6 44. Kb5 Kc7 45. Rc3+ Kb7 46. Rc6 Rxg4
47. Rxb6+ Ka7 48. Rxe6 Rxf4 49. Re7+ Ka8 50. Rg7 Rf5+ 51. Kb6 Rf6+ 52. Ka5 Rf5+
53. b5 g5 54. Ka6 Rf8 55. Rxg5 Kb8 56. Rg6 Re8 57. Kb6 Rf8 58. a5 Rh8 59. a6
Rf8 60. Rd6 Rc8 61. Rd7 Rh8 62. Kc6 Rc8+ 63. Kd6 Rh8 64. b6 Rh6+ 65. Kc5 Rh5+
66. Kc6 Rh6+ 67. Rd6 Rh8 68. Re6 Rg8 69. Kd7 1-0

[Event "Lichtenberger Sommer 2019"]
[Site "Berlin"]
[Date "2019.08.21"]
[Round "5.56"]
[White "Kievelitz, Bernd"]
[Black "Wahner, Eberhard"]
[Result "1-0"]
[WhiteElo "1850"]
[BlackElo "1592"]
[PlyCount "77"]
[EventDate "2019.??.??"]
[WhiteTeam "SC Zitadelle Spandau"]
[BlackTeam "SC Eintracht Berlin"]

1. Nf3 d5 2. d4 Nf6 3. c4 e6 4. Nc3 Bb4 5. Bg5 Be7 6. e3 O-O 7. Bd3 h6 8. Bh4
dxc4 9. Bxc4 Nbd7 10. O-O b6 11. e4 Bb7 12. Qc2 Rc8 13. Rad1 Qe8 14. Rfe1 c5
15. d5 exd5 16. exd5 Qd8 17. d6 Bxd6 18. Rxd6 Qc7 19. Nb5 Qb8 20. Bg3 Qa8 21.
Nh4 a6 22. Rxd7 Nxd7 23. Nd6 Rcd8 24. Ng6 Bxg2 25. Nxf8 Rxf8 26. Qf5 Nf6 27.
Be5 Bh1 28. Qg6 Bd5 29. Bxd5 Qxd5 30. Qg2 Qxg2+ 31. Kxg2 Nd7 32. Bc3 f6 33. Re7
Rd8 34. Nf5 Ne5 35. Rxg7+ Kf8 36. Rh7 Rd5 37. Ne3 Rd6 38. Rxh6 Ke7 39. Nf5+ 1-0

[Event "Lichtenberger Sommer 2019"]
[Site "Berlin"]
[Date "2019.08.21"]
[Round "5.57"]
[White "Ho, Ngoc Hai-Dang"]
[Black "Wimmer, Thomas"]
[Result "1-0"]
[WhiteElo "1642"]
[BlackElo "1841"]
[PlyCount "41"]
[EventDate "2019.??.??"]
[WhiteTeam "SV Mattnetz Berlin"]
[BlackTeam "SK Marburg"]

1. e4 c6 2. d4 d5 3. exd5 cxd5 4. Bd3 Nc6 5. c3 Qc7 6. h3 e6 7. Nf3 Bd6 8. O-O
Nge7 9. Re1 Bd7 10. Qe2 f6 11. c4 O-O-O 12. c5 Bf4 13. Nc3 a6 14. Bxf4 Qxf4 15.
g3 Qb8 16. Na4 Nf5 17. Nb6+ Kc7 18. Bxf5 exf5 19. Nxd5+ Kc8 20. Nb6+ Kc7 21.
Qe7 1-0

[Event "Lichtenberger Sommer 2019"]
[Site "Berlin"]
[Date "2019.08.21"]
[Round "5.58"]
[White "Beyer, Nils"]
[Black "Ellert, Stefan"]
[Result "0-1"]
[WhiteElo "1832"]
[BlackElo "1580"]
[PlyCount "68"]
[EventDate "2019.??.??"]
[WhiteTeam "TG Wehlheiden"]
[BlackTeam "SV Empor Berlin"]

1. d4 d5 2. c4 c6 3. Nf3 e6 4. e3 f5 5. Bd3 Nf6 6. O-O Bd6 7. b3 O-O 8. Ba3 Ne4
9. Ne5 Rf6 10. f3 Bxa3 11. Nxa3 Nd6 12. Nc2 Rh6 13. Qe2 Nd7 14. Nxd7 Bxd7 15.
c5 Nf7 16. e4 f4 17. g3 Qg5 18. Qg2 e5 19. Rfe1 exd4 20. exd5 fxg3 21. Qxg3
Qxd5 22. Bc4 Qxc5 23. Re5 Qf8 24. Qf4 Rg6+ 25. Kf2 d3 26. Nd4 b5 27. Ne6 Bxe6
28. Bxe6 Rf6 29. Qe4 Kh8 30. Rh5 h6 31. Bg4 Re8 32. Qxd3 Ne5 33. Qe4 Rf4 34.
Rxh6+ gxh6 0-1

[Event "Lichtenberger Sommer 2019"]
[Site "Berlin"]
[Date "2019.08.21"]
[Round "5.59"]
[White "Hoyer, Olaf"]
[Black "Andresen, Marc"]
[Result "1/2-1/2"]
[WhiteElo "1824"]
[BlackElo "1554"]
[PlyCount "60"]
[EventDate "2019.??.??"]
[WhiteTeam "SC BS Gliesmarode"]
[BlackTeam "SC Falkensee"]

1. d4 Nf6 2. Nf3 c5 3. g3 g6 4. Bg2 Bg7 5. O-O O-O 6. c4 cxd4 7. Nxd4 Nc6 8.
Nc3 a6 9. e4 Nxe4 10. Nxc6 Nxc3 11. Nxd8 Nxd1 12. Nxf7 Nxb2 13. Nh6+ Kh8 14.
Rb1 Nxc4 15. Bd5 Nd6 16. Rb6 Bd4 17. Rxd6 exd6 18. Nf7+ Kg8 19. Nh6+ Kg7 20.
Ng4 Rf5 21. Bh6+ Kh8 22. Re1 Re5 23. Nxe5 dxe5 24. Kg2 Rb8 25. f4 b5 26. fxe5
Bb7 27. Bxb7 Rxb7 28. e6 dxe6 29. Rxe6 Kg8 30. Rxa6 Kf7 1/2-1/2

[Event "Lichtenberger Sommer 2019"]
[Site "Berlin"]
[Date "2019.08.21"]
[Round "5.61"]
[White "Wieczorek, Martin"]
[Black "Matitschka, Johannes"]
[Result "0-1"]
[WhiteElo "1565"]
[BlackElo "1815"]
[PlyCount "52"]
[EventDate "2019.??.??"]
[WhiteTeam "SK Dessau 93"]
[BlackTeam "TSG Oberschöneweide"]

1. d4 Nf6 2. c4 c5 3. d5 e6 4. Nc3 exd5 5. cxd5 d6 6. Nf3 g6 7. g3 Bg7 8. Bg2
O-O 9. O-O Na6 10. Nd2 Rb8 11. Nc4 b5 12. Nxd6 Qxd6 13. Bf4 Qb6 14. Bxb8 Qxb8
15. a3 Re8 16. Re1 c4 17. Rb1 Nc5 18. f3 Qb6 19. Kh1 Rd8 20. Bf1 Nfd7 21. e4
Ne5 22. Re3 Bh6 23. f4 Bg4 24. Qc1 Bf3+ 25. Kg1 Nb3 26. Qe1 Ng4 0-1

[Event "Lichtenberger Sommer 2019"]
[Site "Berlin"]
[Date "2019.08.21"]
[Round "5.62"]
[White "Dittrich, Hans-Georg"]
[Black "Hahlbohm, Matthias"]
[Result "0-1"]
[WhiteElo "1722"]
[BlackElo "2041"]
[PlyCount "38"]
[EventDate "2019.??.??"]
[BlackTeam "TSG Oberschöneweide"]

1. e4 e6 2. d4 d5 3. Nc3 Nf6 4. Bg5 Be7 5. e5 Nfd7 6. h4 h6 7. Be3 O-O 8. Qg4
Kh8 9. Nf3 c5 10. Qh5 cxd4 11. Bxh6 g6 12. Qg4 dxc3 13. h5 g5 14. Bxf8 Nxf8 15.
O-O-O Nc6 16. h6 Bd7 17. Nxg5 Bxg5+ 18. f4 Nh7 19. Bd3 Nxe5 0-1

[Event "Lichtenberger Sommer 2019"]
[Site "Berlin"]
[Date "2019.08.21"]
[Round "5.63"]
[White "Scheide, Helmut"]
[Black "Moeller, Jared William"]
[Result "1/2-1/2"]
[WhiteElo "1921"]
[BlackElo "1693"]
[PlyCount "63"]
[EventDate "2019.??.??"]
[WhiteTeam "USV Potsdam"]
[BlackTeam "SV Glückauf Rüdersdorf"]

1. Nf3 Nf6 2. d4 e6 3. c4 c5 4. e3 d5 5. Nc3 Nc6 6. a3 cxd4 7. exd4 a6 8. b3
Be7 9. Bd3 dxc4 10. Bxc4 b5 11. Bd3 Bb7 12. O-O Rc8 13. Bb2 O-O 14. Re1 Bd6 15.
Ne4 Nxe4 16. Bxe4 Na5 17. Bxb7 Nxb7 18. Qe2 Bb8 19. Rad1 Qd5 20. Rd3 Na5 21.
Qd1 Nc6 22. Bc1 b4 23. Ne5 Nxe5 24. dxe5 Qb5 25. Rh3 Rc3 26. Be3 g6 27. axb4
Rd3 28. Qe2 Rxb3 29. Qxb5 axb5 30. Bc5 Rxh3 31. gxh3 Rd8 32. Re2 1/2-1/2

[Event "Lichtenberger Sommer 2019"]
[Site "Berlin"]
[Date "2019.08.21"]
[Round "5.64"]
[White "Kreuchauf, Olaf"]
[Black "Bender, Sebastian"]
[Result "0-1"]
[WhiteElo "1690"]
[BlackElo "1911"]
[PlyCount "52"]
[EventDate "2019.??.??"]
[WhiteTeam "SC Eintracht Berlin"]
[BlackTeam "SC Zugzwang 95 (Berlin)"]

1. d4 Nf6 2. c4 g6 3. Nc3 Bg7 4. e4 d6 5. Bd3 O-O 6. h3 e5 7. d5 Nh5 8. Be3 Nf4
9. Bxf4 exf4 10. Qf3 Na6 11. a3 Nc5 12. Bc2 a5 13. Nge2 a4 14. O-O f5 15. exf5
Bxf5 16. Bxf5 Rxf5 17. Rad1 Nd7 18. Nd4 Bxd4 19. Rxd4 Qf6 20. Re4 Ne5 21. Qe2
f3 22. Qc2 fxg2 23. Rfe1 Nf3+ 24. Kxg2 Rg5+ 25. Kh1 Nxe1 26. Rxe1 Qf3+ 0-1

[Event "Lichtenberger Sommer 2019"]
[Site "Berlin"]
[Date "2019.08.21"]
[Round "5.65"]
[White "Schindler, Rudolf"]
[Black "Massa, Pietro"]
[Result "1-0"]
[WhiteElo "1780"]
[BlackElo "1677"]
[PlyCount "87"]
[EventDate "2019.??.??"]
[WhiteTeam "Lasker Steglitz-Wilmersdorf"]
[BlackTeam "SF 1903 Berlin"]

1. Nf3 d5 2. c4 c6 3. b3 Nf6 4. Bb2 e6 5. g3 Be7 6. Bg2 O-O 7. O-O Qb6 8. Qc2
Na6 9. a3 Bd7 10. e3 Rac8 11. Ng5 g6 12. Nc3 Qd8 13. Nf3 Nc7 14. d3 Nfe8 15. d4
Bf6 16. Rad1 Bg7 17. Ne2 Nf6 18. Ne5 Qe7 19. Rfe1 Rfd8 20. Qb1 Be8 21. Qa1 Nd7
22. Nf3 Nf6 23. Bc3 Na6 24. Nd2 Nd7 25. e4 dxe4 26. Nxe4 Nf6 27. d5 Nh5 28.
Bxg7 Nxg7 29. d6 Qf8 30. Nf6+ Kh8 31. d7 Bxd7 32. Nxd7 Qe7 33. Nf6 Nc5 34. Qc3
Nxb3 35. g4 Nc5 36. g5 Nd7 37. Ne4 Nb6 38. Nf6 Nd7 39. Ng3 h5 40. Nge4 Nb6 41.
Bf1 Na4 42. Qe5 Qxa3 43. Nd6 Rc7 44. Nxf7+ 1-0

[Event "Lichtenberger Sommer 2019"]
[Site "Berlin"]
[Date "2019.08.21"]
[Round "5.66"]
[White "Bellomo, Riccardo"]
[Black "Manz, Andreas"]
[Result "1-0"]
[WhiteElo "1677"]
[BlackElo "1775"]
[PlyCount "77"]
[EventDate "2019.??.??"]
[WhiteTeam "SC Zugzwang 95 (Berlin)"]
[BlackTeam "BSV 63 Chemie Weißensee"]

1. e4 e5 2. f4 Bc5 3. Nf3 d6 4. Nc3 Nf6 5. d4 exd4 6. Nxd4 O-O 7. Qd3 Re8 8.
Be2 a6 9. Bd2 b5 10. O-O-O Bb7 11. Bf3 Bxd4 12. Qxd4 c5 13. Qd3 b4 14. Nd5 Bxd5
15. exd5 Nbd7 16. g4 Nb6 17. g5 Nfd7 18. h4 a5 19. Be4 Nf8 20. Bf5 a4 21. h5
Ra7 22. g6 fxg6 23. hxg6 h6 24. c4 Qf6 25. Rh5 a3 26. Qc2 Qxb2+ 27. Qxb2 axb2+
28. Kxb2 Nxc4+ 29. Kb3 Nxd2+ 30. Rxd2 Re3+ 31. Kc4 Ra5 32. Rc2 Rc3+ 33. Rxc3
bxc3 34. Rh2 Ra4+ 35. Kxc3 Rxf4 36. Bd3 Rd4 37. Re2 Ra4 38. Re6 Rxa2 39. Bf5
1-0

[Event "Lichtenberger Sommer 2019"]
[Site "Berlin"]
[Date "2019.08.21"]
[Round "5.67"]
[White "Hoffbauer, Jörg"]
[Black "Tedesco, Gennaro"]
[Result "1-0"]
[WhiteElo "1773"]
[BlackElo "1663"]
[PlyCount "107"]
[EventDate "2019.??.??"]
[WhiteTeam "SF 1903 Berlin"]
[BlackTeam "SC Kreuzberg"]

1. e4 c5 2. Nc3 a6 3. a4 g6 4. f4 Nc6 5. Nf3 Bg7 6. Bc4 e6 7. e5 Nge7 8. Ne4
O-O 9. Nd6 Nf5 10. Nxf5 gxf5 11. d3 d6 12. exd6 Qxd6 13. c3 b6 14. O-O Bb7 15.
Qe1 Qd8 16. Be3 Ne7 17. Qg3 Ng6 18. Rad1 Qd7 19. Bb3 Qc7 20. h4 Bxf3 21. Rxf3
Kh8 22. h5 Ne7 23. Qh4 h6 24. Bc4 Nd5 25. Bf2 Nf6 26. Kh1 Ng4 27. Bg1 Qc6 28.
Bb3 Rad8 29. Bc2 Rg8 30. Rd2 Bf6 31. Qe1 Qc7 32. Qd1 Bg7 33. d4 c4 34. d5 Rd6
35. dxe6 Rxd2 36. Qxd2 Rd8 37. Qe2 Re8 38. Bxf5 Nf6 39. g4 fxe6 40. Bg6 Re7 41.
Qg2 b5 42. Bd4 bxa4 43. Be5 Qd7 44. g5 Ng8 45. Qe2 Qd5 46. Bxg7+ Kxg7 47. Be4
Qc5 48. Rg3 Kf8 49. Kh2 Rg7 50. Bg6 Qc6 51. Qd2 Rd7 52. Qe2 Re7 53. Be4 Qc7 54.
Qg4 1-0

[Event "Lichtenberger Sommer 2019"]
[Site "Berlin"]
[Date "2019.08.21"]
[Round "5.68"]
[White "Ollek, Karl-Heinz"]
[Black "Becker, Werner"]
[Result "0-1"]
[WhiteElo "1671"]
[BlackElo "1758"]
[PlyCount "74"]
[EventDate "2019.??.??"]
[WhiteTeam "SC Friesen Lichtenberg"]
[BlackTeam "SC Rochade (Berlin)"]

1. Nf3 c5 2. c4 Nc6 3. Nc3 g6 4. g3 Bg7 5. Bg2 e6 6. e4 Nge7 7. d3 O-O 8. Be3
Nd4 9. Bxd4 cxd4 10. Nb5 Qb6 11. b3 a6 12. a4 axb5 13. axb5 Rxa1 14. Qxa1 d6
15. O-O e5 16. Qb2 Bd7 17. Ra1 Rb8 18. Qa3 f5 19. Ne1 Bh6 20. h3 f4 21. g4 Bf8
22. Qa2 Qd8 23. c5 Be6 24. Qc2 dxc5 25. Qxc5 Nc6 26. Qc2 Nb4 27. Qd1 Ra8 28.
Nf3 Rxa1 29. Qxa1 Bd6 30. Qa7 b6 31. h4 Bxg4 32. Ng5 Qc7 33. Qa1 h6 34. Bf3
Bxf3 35. Nxf3 Nxd3 36. Qa8+ Kg7 37. Kg2 Qc2 0-1

[Event "Lichtenberger Sommer 2019"]
[Site "Berlin"]
[Date "2019.08.21"]
[Round "5.69"]
[White "Krawatzki, Armin"]
[Black "Pöltelt, Helmut"]
[Result "1/2-1/2"]
[WhiteElo "1637"]
[BlackElo "1746"]
[PlyCount "38"]
[EventDate "2019.??.??"]
[WhiteTeam "Läufer Reinickendorf"]
[BlackTeam "SC Eintracht Berlin"]

1. d4 d5 2. Nc3 c6 3. Bf4 Bf5 4. f3 Nf6 5. g4 Bg6 6. h4 h6 7. e3 e6 8. Bd3 Bxd3
9. Qxd3 Bd6 10. Nge2 Qc7 11. O-O-O Nbd7 12. Bxd6 Qxd6 13. g5 Nh5 14. f4 g6 15.
Rhf1 O-O-O 16. e4 Ng7 17. Ng3 hxg5 18. e5 Qe7 19. hxg5 Rh3 1/2-1/2